| 000 | 00468nam a2200169Ia 4500 | ||
|---|---|---|---|
| 003 | IN-BaIIA | ||
| 008 | 211028s9999 xx 000 0 eng d | ||
| 040 | _cIIA Library | ||
| 080 |
_a658.31 _bMUT |
||
| 100 |
_aMuthuswamy, P _97319 |
||
| 245 | 0 |
_aFundamental rules and supplementary rules _bpt. 1 _cP. Muthuswamy |
|
| 260 |
_aMadras _bSwamy Publishers _c1974 |
||
| 300 | _a388p. | ||
| 650 |
_aFundamental Rules _97714 |
||
| 650 |
_aSuplementary Rules _97715 |
||
| 942 | _cBK | ||
| 999 |
_c4418 _d4418 |
||